| 000 | 00736nam a22001817a 4500 | ||
|---|---|---|---|
| 003 | AM-YEHGA | ||
| 005 | 20250617164604.0 | ||
| 008 | 221025b ||||| |||| 00| 0 rus d | ||
| 040 | _aAM-YeHGA | ||
| 041 | 0 | _arus | |
| 245 | 0 | 0 |
_aГорнорудная промышленность Кривбасса : _bТематич. обзор / _cСовет. нар. хозяйства Днепропетр. экон. адм. района. |
| 260 |
_aКиев : _bИн-т техн. информации, _c1962. |
||
| 300 |
_a229 с., _bил. |
||
| 650 | 1 | 4 |
_aГорнорудная промышленность _zКриворожский железорудный бассейн |
| 942 |
_2udc _cBK |
||
| 001 | 1865992 | ||
| 090 | _c563850 | ||
| 999 |
_c526265 _d526265 |
||